00673nam a2200181Ia 4500001001000000003000500010008004100015010001100056040000900067100003600076245012400112260007900236300001000315440003300325650003000358700003100388710007200419Para_6182CHAP220125s1981 xx 000 0 und d a204802 cCHAP aArellano Vázquez, José Luis aGuía para cultivar maíz en el Estado de México /c por José Luis Arellano Vázquez y Aquiles Carballo Carballo aChapingo, Méx. :b INIA. Campo Agrícola Experimental Valle de México a19 p. aFolleto para productores; 13 aMaíz x México (Edo.) aCarballo Carballo, Aquiles aInstituto Nacional de Investigaciones Agrícolas (México). CAEVM